Voices from the Landwash: 11 newfoundland playwrights

Enregistré dans:
Détails bibliographiques
Format: Livre
Langue:Undetermined
Publié: Ontario, Canada Playwrights Canda Press 1997
Sujets:
Tags: Ajouter un tag
Pas de tags, Soyez le premier à ajouter un tag!
Thư viện lưu trữ: Trung tâm Học liệu Trường Đại học Cần Thơ
LEADER 00521nam a2200157Ia 4500
001 CTU_41276
008 210402s9999 xx 000 0 und d
082 |a 812.54 
082 |b V889 
245 0 |a Voices from the Landwash: 11 newfoundland playwrights 
260 |a Ontario, Canada 
260 |b Playwrights Canda Press 
260 |c 1997 
650 |a canadian drama ( english ) - 20th century,canadian drama ( english ) - newfoundland 
904 |i Minh, 010517 
980 |a Trung tâm Học liệu Trường Đại học Cần Thơ